Ensayo bio-bibliográfico sobre los historiadores y geógrafos arábigo-españoles / (Record no. 92413)
[ view plain ]
| 000 -LEADER | |
|---|---|
| fixed length control field | 01150cam a22003014 4500 |
| 001 - CONTROL NUMBER | |
| control field | z 01000046 |
| 003 - CONTROL NUMBER IDENTIFIER | |
| control field | DLC |
| 005 - DATE AND TIME OF LATEST TRANSACTION | |
| control field | 20260227112812.0 |
| 008 - FIXED-LENGTH DATA ELEMENTS--GENERAL INFORMATION | |
| fixed length control field | 820525s1898 sp b 000 0 spa |
| 010 ## - LIBRARY OF CONGRESS CONTROL NUMBER | |
| LC control number | z 01000046 |
| 040 ## - CATALOGING SOURCE | |
| Original cataloging agency | DLC |
| Transcribing agency | DLC |
| 043 ## - GEOGRAPHIC AREA CODE | |
| Geographic area code | e-sp--- |
| 050 00 - LIBRARY OF CONGRESS CALL NUMBER | |
| Classification number | Z7052 |
| Item number | .P79 |
| 050 00 - LIBRARY OF CONGRESS CALL NUMBER | |
| Classification number | Microfilm 48165 Z |
| 100 1# - MAIN ENTRY--PERSONAL NAME | |
| Personal name | Pons Boigues, Francisco. |
| 245 10 - TITLE STATEMENT | |
| Title | Ensayo bio-bibliográfico sobre los historiadores y geógrafos arábigo-españoles / |
| Statement of responsibility, etc. | por Francisco Pons Boigues. |
| 260 ## - PUBLICATION, DISTRIBUTION, ETC. | |
| Place of publication, distribution, etc. | Madrid : |
| Name of publisher, distributor, etc. | San Francisco de Sales, |
| Date of publication, distribution, etc. | 1898. |
| 300 ## - PHYSICAL DESCRIPTION | |
| Extent | 514 p. ; |
| Dimensions | 28 cm. |
| 500 ## - GENERAL NOTE | |
| General note | "Obra premiada por la Biblioteca Nacional." |
| 500 ## - GENERAL NOTE | |
| General note | Copy 3 has has stamp in Japanese on t.p. of Minami Manshū Tetsudō Kabushiki Kaisha, Tōa Keizai Chōsakyoku. |
| Institution to which field applies | DLC |
| 650 #0 - SUBJECT ADDED ENTRY--TOPICAL TERM | |
| Topical term or geographic name entry element | Arabic literature |
| Form subdivision | Bio-bibliography. |
| 650 #0 - SUBJECT ADDED ENTRY--TOPICAL TERM | |
| Topical term or geographic name entry element | History |
| Form subdivision | Bio-bibliography. |
| 650 #0 - SUBJECT ADDED ENTRY--TOPICAL TERM | |
| Topical term or geographic name entry element | Geography |
| Form subdivision | Bio-bibliography. |
| 650 #0 - SUBJECT ADDED ENTRY--TOPICAL TERM | |
| Topical term or geographic name entry element | Arabs |
| Geographic subdivision | Spain |
| Form subdivision | Bio-bibliography. |
| 651 #0 - SUBJECT ADDED ENTRY--GEOGRAPHIC NAME | |
| Geographic name | Spain |
| Form subdivision | Bio-bibliography. |
| 710 2# - ADDED ENTRY--CORPORATE NAME | |
| Corporate name or jurisdiction name as entry element | Biblioteca Nacional (Spain). |
| 710 2# - ADDED ENTRY--CORPORATE NAME | |
| Corporate name or jurisdiction name as entry element | Minami Manshū Tetsudō Kabushiki Kaisha. |
| Subordinate unit | Tōa Keizai Chōsakyoku, |
| Relator term | former owner. |
| Institution to which field applies | DLC |
No items available.